| 000 | 02157 a2200337 4500 | ||
|---|---|---|---|
| 001 | OB-pum-11897 | ||
| 003 | FrMaCLE | ||
| 005 | 20251214082536.0 | ||
| 007 | cu ||||||m|||| | ||
| 008 | 180517e||||||||xx |||||s|||||||||0|fr|d | ||
| 020 | _a979-10-365-0185-2 | ||
| 024 | 7 |
_a10.4000/books.pum.11897 _2doi |
|
| 040 | _aFR-FrMaCLE | ||
| 041 | _afra | ||
| 100 | 1 | _aDieng, Moda | |
| 245 | 1 | 2 |
_aL'Afrique du Sud entre émergence et responsabilité / _cModa Dieng. |
| 260 |
_aMontréal : _bPresses de l’Université de Montréal, _c2018. |
||
| 300 | _a190 p. | ||
| 500 | _aEbook | ||
| 520 | _a Considérée comme paria du fait de l'apartheid et de sa politique agressive en Afrique australe, l'Afrique du Sud a longtemps été isolée de la scène internationale et africaine. Toutefois, depuis la fin de ce régime, elle a connu une évolution inédite : abandon du programme nucléaire, mise sur pied des commissions vérité et réconciliation, réconciliation nationale, réformes du secteur de la sécurité, abandon d'une politique sous-régionale belliqueuse et surtout définition d'une nouvelle identité politique progressiste. Ce parcours historique a une grande influence sur la manière dont l'Afrique du Sud post-apartheid aborde les questions de paix et de guerre. Son implication dans le règlement pacifique des conflits est tout à fait récente. Comment se manifeste son engagement ? Quels en sont les tenants, les forces et les limites ? Cet ouvrage apporte, sous plusieurs angles, des éléments de réponses à ces interrogations en étudiant le rôle croissant que l'Afrique du Sud exerce dans la gouvernance mondiale, notamment en matière de paix et de sécurité. | ||
| 540 |
_aOpenEdition Books License _uhttps://www.openedition.org/12554 |
||
| 650 | 4 | _aInternational Relations | |
| 650 | 4 | _aPolitical Science | |
| 650 | 4 | _aAfrique du Sud | |
| 650 | 4 | _aapartheid | |
| 650 | 4 | _apolitique africaine | |
| 650 | 4 | _arelations africaines | |
| 650 | 4 | _adémocraties africaines | |
| 776 | _z978-2-7606-3339-1 | ||
| 856 | 4 |
_eDieng, Moda _uhttps://books.openedition.org/pum/11897 _yL'Afrique du Sud entre émergence et responsabilité |
|
| 999 |
_c1233 _d1233 |
||